Η θεωρία του Μαρξ για την αλλοτρίωση

Αποθηκεύτηκε σε:
Λεπτομέρειες βιβλιογραφικής εγγραφής
Κύριος συγγραφέας: Meszaros, Istvan, 1930-
Άλλοι συγγραφείς: Σταύρου, Άλκης (Επιμελητής έκδοσης), Κωνσταντέλου, Ελένη
Μορφή: Βιβλίο
Γλώσσα:Greek
English
Δημοσίευση: Αθήνα : Ράππας, 1974.
Σειρά:Προβλήματα του καιρού μας (Ράππας)
Θέματα:
Ετικέτες: Προσθήκη ετικέτας
Δεν υπάρχουν, Καταχωρήστε ετικέτα πρώτοι!

MARC

LEADER 00000cam a2200000 i 4500
001 1/103459
008 950516s1974 gr | ||| |||| ||gre||
035 |l 10012896 
040 |a GR-MyUA  |b gre  |e AACR2 
041 1 |a gre  |h eng 
082 7 |a 302.544   |2 (22) 
100 1 |a Meszaros, Istvan,   |d 1930- 
245 1 2 |a Η θεωρία του Μαρξ για την αλλοτρίωση /   |c Ιστβάν Μεσάρος ; επιμέλεια: Αλκης Σταύρου ; μετάφραση: Ελένη Κωνσταντέλου.  
260 |a Αθήνα :   |b Ράππας,   |c 1974.  
300 |a 365 σ. ;   |c 24 εκ.  
490 1 |a (Προβλήματα του καιρού μας / Ράππας)  
504 |a Περιέχει βιβλιογραφία και σημειώσεις.  
650 0 0 |a Alienation (Philosophy) 
650 0 0 |a Marxian school of sociology. 
650 0 0 |a Social justice. 
650 0 0 |a Marxian economics. 
700 1 |a Σταύρου, Άλκης,  |e edt 
700 1 |a Κωνσταντέλου, Ελένη. 
765 0 8 |i Μετάφραση του:   |t Marx's theory of alienation /  
830 0 |a Προβλήματα του καιρού μας (Ράππας) 
852 |a INST  |b LESVOS  |e 19950516  |h 302.544 MES  |p 005100000705  |q 005100000705  |t BK  |y 0 
909 |a Λ  |b 011409 
970 |z 16/05/1995